[Event "NRW Class1 1819"]
[Site "Germany"]
[Date "2018.10.14"]
[Round "2.4"]
[White "Meinhardt, Michael"]
[Black "Rybarczyk, Klaus"]
[Result "0-1"]
[WhiteElo "2028"]
[BlackElo "2157"]
[PlyCount "60"]
[EventDate "2018.09.16"]
[EventType "team-tourn"]
[EventRounds "9"]
[EventCountry "GER"]
[SourceTitle "EXT 2022"]
[Source "ChessBase"]
[SourceDate "2021.10.06"]
[SourceVersion "1"]
[SourceVersionDate "2021.10.06"]
[SourceQuality "1"]
[WhiteTeam "Weidenau/Geisweid"]
[BlackTeam "Niederkassel"]
[WhiteTeamCountry "GER"]
[BlackTeamCountry "GER"]

1. d4 Nf6 2. Bf4 g6 3. Nc3 d5 4. f3 c5 5. e4 dxe4 6. d5 exf3 7. Nxf3 Bg7 8. Qd2 0-0 9. 0-0-0 a6 10. Bh6 Qa5 11. h4 Bg4 12. Re1 Nbd7 13. Bxg7 Kxg7 14. Ne5 Nxe5 15. Rxe5 Qc7 16. Qe3 e6 17. h5 Bf5 18. Rxf5 exf5 19. hxg6 fxg6 20. Qh6+ Kg8 21. d6 Qg7 22. Bc4+ Kh8 23. Qe3 b5 24. Be2 Rac8 25. Bf3 Rfd8 26. Rd1 h5 27. Qe6 Rd7 28. Ne2 Re8 29. Qb3 Ne4 30. Qd5 Rxd6 0-1

[Event "NRW-ch"]
[Site "Solingen"]
[Date "2014.10.13"]
[Round "3"]
[White "Meinhardt, Michael"]
[Black "Lindam, Ingo"]
[Result "1-0"]
[WhiteElo "2127"]
[BlackElo "2070"]
[PlyCount "141"]
[EventDate "2014.10.11"]
[EventType "swiss"]
[EventRounds "7"]
[EventCountry "GER"]
[SourceTitle "EXT 2016"]
[Source "ChessBase"]
[SourceDate "2015.10.08"]
[SourceVersion "1"]
[SourceVersionDate "2015.10.08"]
[SourceQuality "1"]

1. e4 c5 2. c3 Nf6 3. e5 Nd5 4. d4 cxd4 5. Nf3 e6 6. cxd4 d6 7. Bc4 Nb6 8. Bb3 dxe5 9. Nxe5 Nc6 10. Nf3 Be7 11. Nc3 0-0 12. 0-0 Bf6 13. Be3 Na5 14. Bc2 Nac4 15. Qd3 g6 16. Ne4 Bg7 17. Bg5 f6 18. Bb3 Na5 19. Bd2 Nxb3 20. Qxb3 Qd5 21. Qxd5 Nxd5 22. Nc3 Rd8 23. Rac1 Nxc3 24. Rxc3 Bd7 25. Re1 Rac8 26. Ra3 a6 27. Ba5 Re8 28. Rae3 Bh6 29. R3e2 Kf7 30. Nd2 Bf8 31. Ne4 Bb5 32. Re3 Rc4 33. Rf3 Bg7 34. Nd6+ Kg8 35. Nxe8 Bxe8 36. Rxe6 Bc6 37. Rd3 Bd5 38. Re1 Rc2 39. Bc3 f5 40. Rd2 Rxd2 41. Bxd2 Bxd4 42. Re8+ Kf7 43. Rd8 Ke6 44. Bf4 Bc5 45. a3 Be7 46. Rc8 Bc6 47. Rc7 g5 48. Bc1 h6 49. b4 f4 50. Bb2 g4 51. Bc1 f3 52. gxf3 Bxf3 53. Bxh6 a5 54. Rc4 b5 55. Rc3 axb4 56. axb4 Kd5 57. Bd2 Kd4 58. Rc7 Bh4 59. Kf1 Kd3 60. Ke1 Bd5 61. Rc5 Bc4 62. Rh5 Bxf2+ 63. Kxf2 Kxd2 64. Rg5 Kc3 65. Rxg4 Kxb4 66. Ke1 Kc3 67. Kd1 b4 68. h4 b3 69. Rxc4+ Kxc4 70. h5 Kd3 71. Kc1 1-0

[Event "Mainz Ordix op 15th"]
[Site "Mainz"]
[Date "2008.08.02"]
[Round "3"]
[White "Meinhardt, Michael"]
[Black "Eljanov, Pavel"]
[Result "0-1"]
[WhiteElo "2150"]
[BlackElo "2716"]
[PlyCount "62"]
[EventDate "2008.08.02"]
[EventType "swiss (rapid)"]
[EventRounds "11"]
[EventCountry "GER"]
[SourceTitle "CBM 125 Extra"]
[Source "ChessBase"]
[SourceDate "2008.09.01"]
[SourceVersion "1"]
[SourceVersionDate "2008.09.01"]
[SourceQuality "1"]

1. e4 e5 2. Nf3 Nc6 3. Bc4 Bc5 4. c3 Nf6 5. d3 d6 6. Nbd2 a6 7. Bb3 h6 8. Nc4 Be6 9. 0-0 Ba7 10. Ne3 0-0 11. Re1 Re8 12. Bxe6 fxe6 13. h3 Qd7 14. a4 Rf8 15. b4 Qf7 16. Nc4 Ne7 17. Qb3 Ng6 18. d4 exd4 19. cxd4 Nh5 20. Ra2 Nhf4 21. Bxf4 Nxf4 22. Kh2 Qh5 23. Ncd2 Kh8 24. Rc2 Rac8 25. Qc4 Rf7 26. Qf1 Rcf8 27. g4 Qg6 28. Nh4 Qf6 29. Nhf3 Ng6 30. Qg2 Nh4 31. Nxh4 Qxh4 0-1

[Event "GER-ch U18 fin"]
[Site "Playchess.com INT"]
[Date "2003.04.06"]
[Round "7"]
[White "Gasthofer, Alexander"]
[Black "Meinhardt, Michael"]
[Result "1-0"]
[WhiteElo "2308"]
[BlackElo "2211"]
[PlyCount "127"]
[EventDate "2003.04.06"]
[EventType "tourn (blitz)"]
[EventRounds "7"]
[EventCountry "GER"]
[SourceTitle "EXT 2004"]
[Source "ChessBase"]
[SourceDate "2003.11.25"]
[SourceVersion "1"]
[SourceVersionDate "2003.11.25"]
[SourceQuality "1"]

1. Nf3 d5 2. g3 Nf6 3. Bg2 e6 4. 0-0 c5 5. d4 Nc6 6. c4 Be7 7. cxd5 exd5 8. Nc3 0-0 9. Bg5 c4 10. Ne5 Be6 11. Nxc6 bxc6 12. Qd2 Qb6 13. e4 dxe4 14. Bxe4 Nxe4 15. Nxe4 Bxg5 16. Nxg5 Bf5 17. Rfe1 Rad8 18. Rad1 Bd3 19. Nf3 c5 20. dxc5 Qxc5 21. Qe3 Qxe3 22. Rxe3 Rb8 23. b3 Rfc8 24. bxc4 Bxc4 25. a3 Rd8 26. Rc1 Be6 27. Ng5 Bd5 28. Rd3 h6 29. Rcd1 hxg5 30. Rxd5 Rxd5 31. Rxd5 f6 32. Rd7 a5 33. Rd5 Ra8 34. Kf1 Kf7 35. Rb5 Ra7 36. Ke2 Ke6 37. Kd3 Kd6 38. Ke4 Kc6 39. a4 g6 40. Kf3 Ra8 41. Kg4 Ra7 42. h4 gxh4 43. gxh4 Ra8 44. h5 gxh5+ 45. Kxh5 Rh8+ 46. Kg4 Rg8+ 47. Kf4 Ra8 48. Kf5 Kc7 49. f4 Ra6 50. Kg6 Kd7 51. Kf7 Kc7 52. Ke7 Rc6 53. f5 Rd6 54. Rc5+ Rc6 55. Rxc6+ Kxc6 56. Kxf6 Kc5 57. Ke6 Kb4 58. f6 Kxa4 59. f7 Kb3 60. f8Q a4 61. Qf1 Ka2 62. Qc4+ Ka3 63. Qc2 Kb4 64. Qa2 1-0

[Event "Moehnesee Cup"]
[Site "Moehnesee"]
[Date "2002.08.30"]
[Round "1"]
[White "Kasten, Marcel"]
[Black "Meinhardt, Michael"]
[Result "0-1"]
[WhiteElo "1808"]
[BlackElo "2194"]
[PlyCount "36"]
[EventDate "2002.08.30"]
[EventType "swiss"]
[EventRounds "7"]
[EventCountry "GER"]
[SourceTitle "CBM 090 Extra"]
[Source "ChessBase"]
[SourceDate "2002.11.07"]
[SourceVersion "1"]
[SourceVersionDate "2002.11.07"]
[SourceQuality "1"]

1. e4 c6 2. d4 d5 3. e5 Bf5 4. Nc3 e6 5. g4 Bg6 6. Nge2 Ne7 7. Nf4 c5 8. Be3 cxd4 9. Bxd4 Nec6 10. Bb5 a6 11. Ba4 b5 12. Bb3 Nxd4 13. Qxd4 Nc6 14. Qd1 Bb4 15. a3 Ba5 16. 0-0 d4 17. Nce2 Nxe5 18. Nxd4 Qxd4 0-1

[Event "Dortmund Sparkassen op-A"]
[Site "Dortmund"]
[Date "2000.07.15"]
[Round "9"]
[White "Krallmann, Matthias"]
[Black "Meinhardt, Michael"]
[Result "0-1"]
[WhiteElo "2274"]
[BlackElo "2146"]
[PlyCount "80"]
[EventDate "2000.07.07"]
[EventType "swiss"]
[EventRounds "10"]
[EventCountry "GER"]
[SourceTitle "EXT 2001"]
[Source "ChessBase"]
[SourceDate "2000.11.22"]
[SourceVersion "1"]
[SourceVersionDate "2000.11.22"]
[SourceQuality "1"]

1. d4 d5 2. c4 e6 3. Nc3 c6 4. e3 Nf6 5. Nf3 Nbd7 6. Bd3 dxc4 7. Bxc4 b5 8. Be2 Bb7 9. 0-0 a6 10. b3 c5 11. Bb2 cxd4 12. Nxd4 Bc5 13. Bf3 Bxf3 14. Qxf3 0-0 15. Rfd1 Rc8 16. Rac1 Qb6 17. h3 Rfd8 18. Rd2 Ne5 19. Qg3 Bd6 20. f4 Ng6 21. Rdc2 Bxf4 22. exf4 Qxd4+ 23. Kh2 Qxf4 24. Nd5 Qxg3+ 25. Kxg3 Nh5+ 26. Kg4 Rxc2 27. Rxc2 Rxd5 28. Rc8+ Nf8 29. Ba3 b4 30. Bxb4 Rd4+ 31. Kxh5 Rxb4 32. Ra8 Rb5+ 33. Kg4 a5 34. a4 Rd5 35. Rb8 f6 36. Rb5 Rxb5 37. axb5 Nd7 38. Kf4 Kf7 39. Ke4 Ke7 40. Kd4 Kd6 0-1

[Event "Dortmund Sparkassen op-A"]
[Site "Dortmund"]
[Date "2000.07.14"]
[Round "8"]
[White "Meinhardt, Michael"]
[Black "Ivannikov, Oleg"]
[Result "1-0"]
[WhiteElo "2146"]
[BlackElo "2102"]
[PlyCount "129"]
[EventDate "2000.07.07"]
[EventType "swiss"]
[EventRounds "10"]
[EventCountry "GER"]
[SourceTitle "EXT 2001"]
[Source "ChessBase"]
[SourceDate "2000.11.22"]
[SourceVersion "1"]
[SourceVersionDate "2000.11.22"]
[SourceQuality "1"]

1. e4 e5 2. Nf3 Nc6 3. Bc4 Bc5 4. c3 Nf6 5. d4 exd4 6. cxd4 Bb4+ 7. Nc3 Nxe4 8. 0-0 Bxc3 9. d5 Ne5 10. bxc3 Nxc4 11. Qd4 Ncd6 12. Qxg7 Qf6 13. Qxf6 Nxf6 14. Re1+ Kf8 15. Bh6+ Kg8 16. Re5 Nfe4 17. Re1 f6 18. Re7 b6 19. Nd2 Nf5 20. Re8+ Kf7 21. Rxh8 Nxc3 22. d6 Nxd6 23. Rf8+ Kg6 24. Bf4 Bb7 25. Bxd6 cxd6 26. Rxa8 Bxa8 27. Re3 Nd5 28. Ra3 a5 29. Nc4 Bc6 30. Nxd6 f5 31. Nc4 Kf6 32. Rh3 Kg7 33. Rb3 a4 34. Rb2 b5 35. Ne5 Kf6 36. Nd3 Ke6 37. Kf1 Nc3 38. Rc2 Nd5 39. a3 Kd6 40. Ke2 Nb6 41. g3 Nc4 42. Rc3 Ke6 43. Nb4 Be4 44. f3 Bb7 45. Nc2 Bc6 46. f4 Be4 47. Nd4+ Ke7 48. Nxb5 d5 49. h3 h5 50. Rxc4 dxc4 51. Ke3 Bc6 52. Nc3 Bg2 53. h4 Kd6 54. Kd4 Bf1 55. Nxa4 Kc6 56. Nc3 Kb6 57. Nd5+ Kb5 58. Ne3 Bd3 59. a4+ Kxa4 60. Nxc4 Bb1 61. Nd6 Kb4 62. Ke5 Kc3 63. Nxf5 Kd2 64. Ng7 Ke3 65. Kf6 1-0

[Event "Dortmund Sparkassen op-A"]
[Site "Dortmund"]
[Date "2000.07.11"]
[Round "5"]
[White "Jelica, Mara"]
[Black "Meinhardt, Michael"]
[Result "0-1"]
[WhiteElo "2192"]
[BlackElo "2146"]
[PlyCount "103"]
[EventDate "2000.07.07"]
[EventType "swiss"]
[EventRounds "10"]
[EventCountry "GER"]
[SourceTitle "EXT 2001"]
[Source "ChessBase"]
[SourceDate "2000.11.22"]
[SourceVersion "1"]
[SourceVersionDate "2000.11.22"]
[SourceQuality "1"]

1. e4 c6 2. d4 d5 3. Nd2 dxe4 4. Nxe4 Bf5 5. Ng3 Bg6 6. Nf3 Nd7 7. Bd3 e6 8. Bf4 Qa5+ 9. c3 Ngf6 10. Ne5 Nxe5 11. Bxe5 0-0-0 12. 0-0 Bxd3 13. Bxf6 gxf6 14. Qxd3 h5 15. Qf3 h4 16. Ne2 Qg5 17. b4 Bd6 18. a4 Rdg8 19. h3 Rg7 20. Kh1 e5 21. b5 Kc7 22. Rg1 Re8 23. Qd3 e4 24. Qc4 Qf5 25. bxc6 bxc6 26. Qa6 Kd7 27. Qxa7+ Bc7 28. d5 cxd5 29. Qe3 Qe5 30. f4 exf3 31. Qxe5 Rxe5 32. gxf3 Rxg1+ 33. Nxg1 Ba5 34. Rd1 Bxc3 35. f4 Re4 36. Rxd5+ Kc6 37. Rh5 Rxa4 38. f5 Kd6 39. Nf3 Rf4 40. Kg2 Be5 41. Nxh4 Kd5 42. Ng6 fxg6 43. fxg6 f5 44. Rh7 Ke6 45. Rb7 Rd4 46. Kf2 Rd7 47. Rb6+ Rd6 48. Rb5 Kf6 49. g7 Rd8 50. h4 Rg8 51. h5 Rxg7 52. h6 0-1

[Event "Dortmund Sparkassen op-A"]
[Site "Dortmund"]
[Date "2000.07.07"]
[Round "1"]
[White "Kniest, Oliver"]
[Black "Meinhardt, Michael"]
[Result "1-0"]
[WhiteElo "2265"]
[BlackElo "2146"]
[PlyCount "83"]
[EventDate "2000.07.07"]
[EventType "swiss"]
[EventRounds "10"]
[EventCountry "GER"]
[SourceTitle "EXT 2001"]
[Source "ChessBase"]
[SourceDate "2000.11.22"]
[SourceVersion "1"]
[SourceVersionDate "2000.11.22"]
[SourceQuality "1"]

1. d4 d5 2. c4 e6 3. Nc3 c6 4. e4 dxe4 5. Nxe4 Bb4+ 6. Bd2 Qxd4 7. Bxb4 Qxe4+ 8. Ne2 Nd7 9. Qd6 c5 10. Bc3 Ne7 11. 0-0-0 e5 12. Ng3 Qf4+ 13. Kb1 Nf5 14. Nxf5 Qxf5+ 15. Bd3 Qf6 16. Qd5 0-0 17. Rhf1 Qe7 18. Rde1 Nb6 19. Qe4 g6 20. Bxe5 Bf5 21. Qf3 Bxd3+ 22. Qxd3 Rfe8 23. Bc3 Qd7 24. Qf3 Nxc4 25. Ka1 Qf5 26. Qxb7 Qd3 27. Rd1 Qc2 28. Qf3 Rad8 29. Rc1 Qf5 30. Qxf5 gxf5 31. Rfe1 Re6 32. b3 Nd2 33. Rxe6 fxe6 34. f3 c4 35. Kb2 cxb3 36. axb3 Rd6 37. Kc2 Nxf3 38. gxf3 Kf7 39. Rg1 Ra6 40. Rg7+ Kf8 41. Rxh7 Ra2+ 42. Bb2 1-0